000 00318nam a2200133Ia 4500
008 240624s9999 xx 000 0 und d
041 _aeng
082 _a006.74 BOX
100 _aBOX DON
245 _aESSENTIAL XML BEYOND MARKUP
260 _c2000
_aNew Delhi
_bPearson Education
300 _axviii, : 368
365 _cRS
999 _c855
_d855